000 00517nam a2200181Ia 4500
003 GCL
008 140319s9999 xx 000 0 ara d
040 _aGCL /
_cGCL
082 0 4 _a819.9
_bع ع
100 1 _aعباس محمود العقاد
245 1 0 _aعبقرية الايام /
_cعباس محمود العقاد
300 _a147
490 _aكتاب
_v0
650 0 4 _aالدين الاسلامى
650 0 4 _aالخلفاء الراشدون
650 0 4 _aعلى بن ابى طالب
942 _2ddc
_cBK
999 _c43180
_d43180